000 00780nas a2200265 4500
001 BR9504038
003 BR-BrBNA
005 20231205094116.0
007 ta
008 230509b bl.|||p| |||| 00| 00por d
040 _aBR-BrBNA
_bpor
_cBiblioteca Nacional de Agricultura
041 _a(Pt)
072 _aL40
100 1 _aMartins, S.R.
100 1 _aFreitas, V. de
100 1 _aDall Pai, V.
100 1 _aMoreira, J.E.
100 1 _aSeullner, G.
245 1 _aContribuicao ao estudo histologico da cisterna do quilo do cao (Canis familiaris)
650 _aCao
650 _aTecido Animal
773 0 _tRevista de Ciencias Biomedicas (Brazil)
_xISSN 0101-322X
_g(1983), v. 4 p. 49-54
_wBR9504038
909 _a202311
_bLúcia
_c55
_dLúcia Elande
942 _2AGRIS
_n0
_cANA
999 _c142124
_d142124